| 000 | 01012nam a2200229 a 4500 | ||
|---|---|---|---|
| 001 | BRCA_1880 | ||
| 005 | 20190320203603.0 | ||
| 008 | 130608s1991----nuya---###---#000-0#eng-# | ||
| 020 | _a1879128039 | ||
| 050 | 4 |
_aE59.M3 _b.C68 1991 |
|
| 100 | 1 |
_aCouch, N. C. Christopher _95812 |
|
| 245 | 1 | 0 |
_aFases of Eternity _bMasks of the Pre-Columbian Americas _cN.C. Christopher Couch. |
| 260 |
_aNew York _bAmericas Society _c1991 |
||
| 300 |
_a79 p. _bil. (algunas a color) _c25 cm. |
||
| 500 | _aCatálogo de la exposición realizada en Americas Society (Nueva York), 19 septiembre - 15 diciembre, 1991 y en el North Carolina Museum of Art (Raleigh, North Carolina), 19 mayo - 31 julio, 1992 | ||
| 504 | _aBibliografía : p. 77-79 | ||
| 650 | 1 | 4 |
_aMarcas _vExposiciones _zAmérica Central _95813 |
| 650 | 1 | 4 |
_aMarcas _vExposiciones _zAmérica del Norte _95814 |
| 650 | 1 | 4 |
_aMarcas indígenas _vExposiciones _zAmérica Central _95815 |
| 650 | 1 | 4 |
_aIndígenas en América del Norte _vExposiciones _xMarcas _95816 |
| 942 |
_2lcc _cB |
||
| 999 |
_c1657 _d1657 |
||